| 000 | 00865nam a2200253 a 4500 | ||
|---|---|---|---|
| 001 | BRCA_8134 | ||
| 005 | 20190320210139.0 | ||
| 008 | 110414s1964----gw-####f##---#000-0#ger-# | ||
| 041 | _ager | ||
| 044 | _agw | ||
| 050 | 4 |
_aJN15 _b.S46 _c1964 |
|
| 100 | 1 |
_aSiegler, Heinrich _920259 |
|
| 245 | 1 | 0 |
_aDokumentation der europäischen integration 1961-1963 _bunter Berücksichtigung der bestrebungen für eine atlantische partnerschaft _cHenrich Siegler. |
| 260 |
_aBonn _bSiegler _c1964 |
||
| 300 |
_a494 p. _c24 cm. |
||
| 440 | 0 |
_aDokumentation der europäischen integration _n2 _920260 |
|
| 500 | _aY215 | ||
| 611 | 2 | 4 |
_aComunidad Económica Europea _920261 |
| 650 | 1 | 4 |
_aIntegración Europea _y1961-1963 _920262 |
| 650 | 1 | 4 |
_aIntegración Europea _vAsociación económica _920263 |
| 650 | 1 | 4 |
_aFederación Europea _vTratados _920264 |
| 902 | _aGFM | ||
| 942 |
_2lcc _cB |
||
| 999 |
_c7802 _d7802 |
||